|
|
|
|
| LEADER |
00000nab a2200000 a 4500 |
| 001 |
vtls000154718 |
| 003 |
SK-MaSNL |
| 005 |
20260304061610.0 |
| 008 |
250422c1983 xo 0 slo |
| 015 |
|
|
|a SNBRB19rr/mm-uuuuu
|
| 035 |
|
|
|a CL0164825
|
| 035 |
|
|
|a urn:nbn:sk:snk-ab3zw
|
| 035 |
|
|
|a (urnnbn)urn:nbn:sk:snk:ar-00533a
|
| 035 |
|
|
|a (uuid)76c7ef16-8bec-4b2a-b016-30c2d8b495f1
|
| 040 |
|
|
|a SNKBUCL
|b slo
|c SNKBUCL
|e AACR2
|
| 041 |
0 |
|
|a slo
|
| 044 |
|
|
|a xo
|c SK
|
| 080 |
|
|
|a 745/749
|2 1981
|
| 100 |
1 |
|
|a Vrana, Anton
|4 aut
|9 279076
|
| 245 |
1 |
0 |
|a Poľská keramika, sklo a tapiséria
|c Anton Vrana
|
| 300 |
|
|
|b Obr. 2.
|
| 650 |
0 |
7 |
|a úžitkové umenie
|2 snkbucl
|9 87431
|
| 655 |
|
7 |
|a články z novín a časopisov
|2 snkbucl
|9 267496
|
| 773 |
0 |
|
|t Výtvarný život
|g Roč. 28, č. 4 (1983), s. 27
|
| 850 |
|
|
|a Slovenská národná knižnica
|
| 852 |
|
|
|a Slovenská národná knižnica
|
| 954 |
|
|
|a odborná, vedecká literatúra pôvodná (slovenská)
|2 lita
|
| 957 |
|
|
|a 5100
|
| 958 |
|
|
|a article27
|
| 958 |
|
|
|a RK
|
| 958 |
|
|
|a OND
|
| 958 |
|
|
|a EUIPO
|
| 992 |
|
|
|a RBX
|
| 999 |
|
|
|c 2733921
|d 2735851
|